000 00490nam a2200169 a 4500
001 2410
005 20180713182409.0
008 140415s1991 mx 000 0 spa d
041 _aspa
082 _a330.972
_bBAS
100 1 _aBassols Batalla, Angel,.
245 1 0 _aGEOGRAFIA ECONOMICA DE MEXICO :
_bTEORIA FENOMENOS GENERALES, ANALISIS REGIONAL
250 _a6a ed.
260 _aMEXICO :
_bTRILLAS,
_c1991
300 _a431
650 1 4 _aMEXICO
_xCONDICIONES ECONOMICAS
999 _c2410
_d2410